000 00539nam a2200157 i 4500
001 105210
003 ES-MaACL
005 20230906183819.0
007 t|
008 060616s1956 sp ||||1| spa d
100 1 _aLópez Morant, Gabino.
_973801
245 1 0 _aJesucristo en el Antiguo Testamento y en los Evangelios
_b: obra destinada a los alumnos de los Centros de Enseñanza Media /
_cpor Gabino López Morant.
260 _aMadrid :
_bGredos,
_c1956.
300 _a254 p. :
_bil. ;
_c21 cm.
852 _aES-MaACL
_jC-12041
_bR.39586
999 _c105210
_d105210